[Event "ICS Rated blitz match"]
[Site "204.178.125.65"]
[Date "1999.08.27"]
[Round "?"]
[White "Zippy"]
[Black "Hossa"]
[Result "1-0"]
[WhiteElo "2335"]
[BlackElo "2333"]
[PlyCount "161"]
[EventDate "1999.??.??"]

1. c4 c6 2. e4 d5 3. exd5 cxd5 4. cxd5 Nf6 5. Nc3 Nxd5 6. Bc4 Nxc3 7. bxc3 e5
8. Qh5 Qc7 9. Qe2 Bd6 10. Nf3 O-O 11. O-O Bg4 12. h3 Bxf3 13. gxf3 Qd7 14. Kh2
Nc6 15. a4 Na5 16. Bd5 Bc5 17. Qe4 Rad8 18. c4 Bd4 19. Ra2 Nb3 20. Ba3 Rfe8 21.
Bxb7 Qxa4 22. Bc6 Qxc4 23. d3 Qe6 24. Bxe8 Rxe8 25. Rg1 Nc1 26. Rc2 Na2 27. Qg4
Qxg4 28. fxg4 Nc3 29. Rgc1 h5 30. Rxc3 Bxc3 31. Rxc3 hxg4 32. hxg4 f6 33. Kg3
a5 34. f4 Rd8 35. fxe5 fxe5 36. Kf3 a4 37. Ke4 Rd4+ 38. Kxe5 Rxg4 39. Rc7 Rh4
40. Kd5 Rh3 41. Kc4 g5 42. Rc5 Rh4+ 43. Kc3 g4 44. Rc4 Kf7 45. Re4 Kg6 46. Be7
Rh7 47. Rxg4+ Kf5 48. Re4 Rg7 49. Bd6 Rd7 50. Ba3 Rc7+ 51. Rc4 Ra7 52. Rc5+ Kf4
53. Bc1+ Kf3 54. Kb4 Rd7 55. Kc4 Rb7 56. d4 Rb1 57. Rf5+ Kg4 58. Rg5+ Kf3 59.
Ba3 Ra1 60. Bd6 Ke4 61. Re5+ Kf3 62. d5 Rb1 63. Kd4 Rd1+ 64. Kc3 Rb1 65. Re6
Rd1 66. Kc4 Rh1 67. Ba3 Rh2 68. d6 Rh8 69. d7 Rd8 70. Re7 Kg4 71. Bc5 a3 72.
Bxa3 Kf5 73. Kc5 Kf4 74. Bb4 Rf8 75. Re8 Rf5+ 76. Kd4 Kg4 77. d8=Q Rh5 78. Rg8+
Kh3 79. Qc8+ Rf5 80. Qxf5+ Kh2 81. Qh5# {Hossa checkmated} 1-0

[Event "ICS Rated blitz match"]
[Site "204.178.125.65"]
[Date "1999.09.27"]
[Round "?"]
[White "Zippy"]
[Black "Hossa"]
[Result "0-1"]
[WhiteElo "2223"]
[BlackElo "2463"]
[PlyCount "140"]
[EventDate "1999.??.??"]

1. e4 e5 2. Nf3 Nf6 3. d4 exd4 4. e5 Ne4 5. Qxd4 d5 6. exd6 Nxd6 7. Bg5 f6 8.
Bf4 Nc6 9. Qe3+ Be7 10. Nc3 O-O 11. O-O-O Bd7 12. Ne4 Bg4 13. h3 Bh5 14. Nc5
Qc8 15. g4 Bf7 16. b3 Re8 17. Re1 Nb4 18. Kb1 Nf5 19. gxf5 Nd5 20. Qd4 Bxc5 21.
Rxe8+ Qxe8 22. Qxc5 Nxf4 23. Bc4 c6 24. Re1 Qd7 25. Bxf7+ Qxf7 26. Re7 Qh5 27.
Nd4 Qxh3 28. Qc4+ Nd5 29. Rxb7 Kh8 30. Qxc6 Nc3+ 31. Kb2 Nd1+ 32. Ka3 Qh6 33.
Rxg7 Rb8 34. Rd7 Qc1+ 35. Ka4 Nb2+ 36. Ka5 Nc4+ 37. bxc4 Qe1+ 38. Ka6 Rb6+ 39.
Qxb6 axb6 40. Rd8+ Kg7 41. Kxb6 Qb4+ 42. Nb5 Qxc4 43. Nd4 Qb4+ 44. Nb5 Qc4 45.
Rd2 Qxa2 46. Kc5 h5 47. f4 h4 48. Kd4 Qa5 49. Rg2+ Kf8 50. c4 Qb6+ 51. Kd3 Qc5
52. Nd4 Qa3+ 53. Kd2 Qa2+ 54. Nc2 Qxc4 55. Ne3 h3 56. Rf2 Qd4+ 57. Ke2 h2 58.
Rf1 Qe4 59. Rc1 h1=R 60. Rxh1 Qxh1 61. Kf2 Qe4 62. Ke2 Ke7 63. Kd2 Kd6 64. Ke2
Qxf4 65. Kd3 Ke5 66. Ke2 Ke4 67. Nf1 Qf3+ 68. Ke1 Qg2 69. Ne3 Kxe3 70. Kd1
70... Qd2# {Zippy checkmated} 0-1

[Event "ICS Rated blitz match"]
[Site "204.178.125.65"]
[Date "1999.09.28"]
[Round "?"]
[White "Zippy"]
[Black "Hossa"]
[Result "1-0"]
[WhiteElo "2297"]
[BlackElo "2421"]
[PlyCount "147"]
[EventDate "1999.??.??"]

1. e4 c5 2. Nf3 d6 3. d4 cxd4 4. Nxd4 Nf6 5. Nc3 Nc6 6. Bg5 e6 7. Bb5 Bd7 8.
O-O Be7 9. Nf3 O-O 10. Bxf6 Bxf6 11. Qxd6 Bxc3 12. bxc3 Qe8 13. Rad1 Rd8 14.
Qc7 a6 15. Be2 Bc8 16. Rd3 f5 17. Rfd1 fxe4 18. Rxd8 Nxd8 19. Qxc8 exf3 20.
Bxf3 Qe7 21. Rd7 Qf6 22. Qc5 b5 23. Be4 Kh8 24. f3 e5 25. c4 bxc4 26. Bd5 c3
27. g3 e4 28. Bxe4 Ne6 29. Qc6 Ng5 30. Qxf6 gxf6 31. Bd5 Re8 32. h4 Ne6 33. Be4
Ng7 34. Kf2 f5 35. Bd3 a5 36. Rc7 Ne6 37. Ra7 Rf8 38. Rxa5 f4 39. Rh5 fxg3+ 40.
Kxg3 Rf7 41. Re5 Rg7+ 42. Kf2 Nf4 43. Bf5 Rf7 44. Kg3 Nh5+ 45. Kg4 Ng7 46. Be4
Ra7 47. h5 Ra6 48. a4 h6 49. a5 Kg8 50. Bb7 Ra7 51. a6 Kf8 52. Re3 Kf7 53. Rxc3
Ne8 54. Rc6 Nf6+ 55. Kf5 Nxh5 56. Rxh6 Ng3+ 57. Kf4 Ne2+ 58. Ke5 Kg7 59. Rh2
Nc3 60. f4 Na2 61. f5 Nb4 62. f6+ Kf7 63. Bd5+ Nxd5 64. Rh7+ Kg6 65. Rxa7 Nxf6
66. Rb7 Ng4+ 67. Ke4 Nf2+ 68. Kd4 Nh3 69. a7 Ng1 70. a8=Q Nf3+ 71. Ke4 Nd2+ 72.
Kf4 Nc4 73. Qg8+ Kf6 74. Qf7# {Hossa checkmated} 1-0

[Event "ICS Rated blitz match"]
[Site "204.178.125.65"]
[Date "1999.10.01"]
[Round "?"]
[White "Zippy"]
[Black "Hossa"]
[Result "1-0"]
[WhiteElo "2265"]
[BlackElo "2329"]
[Annotator "Fritz 5.32 (20s)"]
[PlyCount "91"]
[EventDate "1999.??.??"]

1. e4 e5 2. Nf3 Nc6 3. Bb5 a6 4. Ba4 Nf6 5. O-O Be7 6. Bxc6 dxc6 7. Nxe5 Nxe4
8. d3 $146 (8. Qe2 Nc5 9. Re1 Ne6 10. c3 O-O 11. d4 c5 12. d5 Ng5 (12... f6 13.
Nc6 bxc6 14. dxe6 f5 15. Bf4 Rf6 16. Rd1 Qe8 17. Bxc7 Bxe6 18. Nd2 Qg6 19. Nf3
Qh5 20. Rd2 Re8 21. Ne5 Bf7 22. Nxf7 Qxe2 23. Nh6+ Rxh6 24. Rxe2 Kf8 25. Rae1
Rf6 26. c4 f4 27. Be5 Re6 28. Bxg7+ {
1-0 Fischer,G-Feist,R/GER Mittelfranken-ch 1995/EXT 97 (28)}) 13. h4 f6 14. Nc4
Nh3+ 15. gxh3 Bxh3 16. Qxe7 Qxd5 17. Qe4 Qh5 18. Ne3 Rae8 19. Qf4 g5 20. Qg3
Bd7 21. Bd2 Kh8 22. hxg5 22... Re4 {
Fischer,G-Sand,P/Mittelfranken 1991/EXT 99/1-0 (37)}) (8. Re1 Nf6 9. Qe2 Be6
10. d3 (10. Nc3 O-O 11. Nxf7 Bxf7 12. Qxe7 Qd4 13. d3 Nd5 14. Be3 Qg4 15. Qe4
Qh5 16. Ne2 Rae8 17. Qd4 Nxe3 18. fxe3 c5 19. Qf4 Bb3 20. Ng3 Qd5 21. c4 Qxd3
22. Qxc7 Bxc4 23. Qxc5 Rc8 24. Qd4 Qc2 25. Red1 Qf2+ 26. Kh1 b5 27. Ne4 Qe2 28.
Re1 Qh5 29. Ng3 Qg5 30. b3 30... Bd5 {
- Gufeld,E-Chukaev,E/Tbilisi 1956/EXT 99 (30)}) 10... Nd7 (10... O-O 11. Nxf7
Bxf7 12. Qxe7 Qd4 13. Qxc7 Rae8 14. Be3 Qxb2 15. Nd2 Nd5 16. Qg3 Nxe3 17. fxe3
Qxc2 18. Ne4 Qxd3 19. Nf6+ Kh8 20. Nxe8 Rxe8 21. Rad1 Qg6 22. Qxg6 hxg6 23. Rd7
Bxa2 24. Rxb7 Bc4 25. e4 {Zhugder-Maher,V/Moscow 1956/MCD/1-0 (40)}) 11. Nc3
Nxe5 12. Qxe5 O-O 13. Ne4 Qd7 14. Bf4 Rac8 15. Nc5 Bxc5 16. Qxc5 Rfe8 17. Re3
Bd5 18. Rae1 b6 19. Qc3 Rxe3 20. fxe3 f6 21. h3 Kf7 22. b3 {
- Lombardy,W-Van der Sterren,P/Amsterdam 1985/MCD (22)}) 8... Nc5 9. d4 Ne6 10.
c3 O-O 11. Re1 Re8 12. Qh5 g6 13. Qf3 f6 14. Ng4 Ng7 15. Nh6+ Kf8 16. Bd2 c5
17. d5 Rb8 18. c4 b5 19. Na3 Rb7 20. h3 Rb8 21. b3 Bd7 22. Nc2 Rb6 23. Ba5 Rb8
24. Ne3 Bd6 25. Bc3 f5 26. Neg4 Rxe1+ 27. Rxe1 Nh5 28. g3 bxc4 29. bxc4 f4 30.
h4 Bxg4 31. Qxg4 Qc8 32. Re6 Qb7 (32... fxg3 $2 {ist nicht korrekt} 33. fxg3
Bxg3 34. Qf3+ Bf4 35. Be5 Rb1+ 36. Kg2 $18) 33. Qf3 $14 (33. Re2 Qc8 (33...
fxg3 $4 {der kann natuerlich nicht genommen werden} 34. Qd7 Qb1+ 35. Be1 $18)
34. Qxc8+ 34... Rxc8 $16) 33... Qb1+ 34. Kg2 34... Qxa2 $16 (34... Nxg3 35.
fxg3 Qxa2+ 36. Kh3 Qxc4 37. gxf4 37... Rb1 $16) 35. g4 Qxc4 36. Re4 $1 {
zementiert den Vorteil} 36... Qa2 (36... Qxd5 $4 {der Bauer ist nicht zu nehmen
} 37. Re8+ $3 {setzt den Vorteil folgerichtig um} (37. gxh5 $6 {
ist minderwertig} 37... c6 $16 (37... Qxh5 38. Rxf4+ Ke8 39. Qe4+ Kd7 40. Rf7+
Kc8 41. Rxh7 $18) (37... gxh5 $4 38. Rxf4+ Bxf4 39. Qxd5 Bxh6 40. Qxc5+ Kg8 41.
Qc6 $18)) 37... Kxe8 38. Qxd5 $18) 37. gxh5 {Mit der Mattdrohung Rxf4} 37...
Qc2 $4 {das letzte Eigentor} (37... Rb4 38. hxg6 hxg6 39. Bxb4 39... cxb4 $18)
38. Rxf4+ Ke8 (38... Bxf4 {nuetzt auch nichts mehr} 39. Qxf4+ Qf5 40. Nxf5 Rb4
41. Bd4 h6 42. Nd6+ Ke7 43. Qf7+ Kxd6 44. Qe6#) 39. Qg4 Be7 (39... Qxf2+ {
waere gleichermassen fruchtlos} 40. Rxf2 Kd8 41. Qe6 c6 42. Qxd6+ Kc8 43. Qxc6+
Kd8 44. Bf6#) 40. Bf6 $18 (40. Qe6 Qxf2+ 41. Rxf2 Rb3 42. Qc8+ Bd8 43. Rf8+
Kxf8 44. Qxd8#) 40... Qb2 41. Qe6 Qe2 42. Qxe2 Kd8 43. Bxe7+ (43. Qe6 gxh5 44.
Bxe7+ Ke8 45. Rf8#) 43... Kc8 44. Rf8+ Kb7 45. Qb2+ Ka7 46. Qxb8# 1-0

[Event "ICS Rated blitz match"]
[Site "204.178.125.65"]
[Date "1999.09.20"]
[Round "?"]
[White "Zippy"]
[Black "Hossa"]
[Result "1-0"]
[WhiteElo "2348"]
[BlackElo "2374"]
[PlyCount "143"]
[EventDate "1999.??.??"]

1. e4 c5 2. Nf3 e6 3. d4 cxd4 4. Nxd4 Nf6 5. Nc3 d6 6. Bg5 Be7 7. Bb5+ Nbd7 8.
O-O O-O 9. Be3 a6 10. Bd3 d5 11. exd5 Nxd5 12. Nxd5 exd5 13. c3 Re8 14. Nf5 Bf8
15. Qh5 Nf6 16. Qh4 Bxf5 17. Bxf5 g6 18. Bd3 Ne4 19. Qxd8 Raxd8 20. Rfe1 Bd6
21. Rad1 Re6 22. f3 Nf6 23. Bd4 Rde8 24. Rxe6 Rxe6 25. g3 Be5 26. Bf2 Bc7 27.
g4 Bf4 28. Kg2 h5 29. h3 b5 30. a4 bxa4 31. Ra1 hxg4 32. hxg4 a3 33. Rxa3 Bc1
34. Ra2 Ne8 35. Bxa6 Nd6 36. Bd3 Kg7 37. b4 Be3 38. Ra5 Bxf2 39. Kxf2 d4 40.
cxd4 Nb7 41. Ra7 Rb6 42. b5 Nd6 43. Ra6 Rxa6 44. bxa6 Nc8 45. Ke3 Kf6 46. Bc4
Ke7 47. Kf4 f6 48. Bd3 g5+ 49. Kf5 Kf7 50. Bc4+ Ke7 51. Kg6 Na7 52. d5 Nc8 53.
d6+ Kxd6 54. Kxf6 Nb6 55. Bd3 Kc7 56. Kxg5 Nd7 57. Kf5 Nb6 58. g5 Kb8 59. Ke6
Na4 60. Bf5 Nc5+ 61. Ke5 Na4 62. g6 Ka7 63. g7 Nc5 64. Bc8 Nd3+ 65. Kd6 Kb6 66.
g8=Q Ka5 67. Qd5+ Ka4 68. a7 Ka3 69. a8=Q+ Kb2 70. Qaa2+ Kc1 71. Qg5+ Nf4 72.
Qg1# {Hossa checkmated} 1-0

[Event "ICS Rated blitz match"]
[Site "204.178.125.65"]
[Date "1999.09.28"]
[Round "?"]
[White "Zippy"]
[Black "Hossa"]
[Result "1/2-1/2"]
[WhiteElo "2306"]
[BlackElo "2362"]
[PlyCount "102"]
[EventDate "1999.??.??"]

1. d4 Nf6 2. c4 g6 3. g3 Bg7 4. Bg2 c5 5. d5 O-O 6. Nc3 e5 7. d6 Nc6 8. Nf3 Re8
9. O-O b6 10. e4 Ba6 11. b3 Nd4 12. Nxd4 cxd4 13. Nb1 b5 14. f4 bxc4 15. fxe5
Rxe5 16. Bf4 cxb3 17. axb3 Bxf1 18. Bxe5 Bxg2 19. Kxg2 Ng4 20. Bxd4 Ne3+ 21.
Bxe3 Bxa1 22. Qd5 a6 23. Na3 Rc8 24. e5 Qe8 25. Nc4 Bc3 26. Bd4 Bxd4 27. Qxd4
Qe6 28. Qa7 Rc6 29. Qb8+ Kg7 30. Qd8 Qf5 31. h4 Qc2+ 32. Kh3 Qf5+ 33. Kg2 h5
34. Qe7 Qe4+ 35. Kh2 Qe2+ 36. Kh3 Qf3 37. Kh2 Qxb3 38. Qf6+ Kg8 39. e6 Qc2+ 40.
Kh3 Qxc4 41. Qxf7+ Kh8 42. Qf6+ Kh7 43. Qe7+ Kh6 44. Qg5+ Kg7 45. Qe7+ Kh6 46.
Qg5+ Kg7 47. Qe7+ Kg8 48. Qf7+ Kh8 49. Qf6+ Kh7 50. Qe7+ Kh8 51. Qf6+ 51... Kh7
{Game drawn by repetition} 1/2-1/2

[Event "ICS Rated blitz match"]
[Site "204.178.125.65"]
[Date "1999.08.27"]
[Round "?"]
[White "Zippy"]
[Black "Hossa"]
[Result "0-1"]
[WhiteElo "2386"]
[BlackElo "2286"]
[Annotator "Fritz 5.32 (22s)"]
[PlyCount "66"]
[EventDate "1999.??.??"]

1. e4 e6 2. d4 d5 3. Nc3 Nf6 4. e5 Nfd7 5. f4 Bb4 (5... a6 6. Nf3 b5 7. Ne2 c5
8. c3 Nc6 9. g3 b4 10. Bh3 bxc3 11. bxc3 cxd4 12. cxd4 Nb6 13. O-O {
- Kuczynski,R-Schmittdiel,E/Polanica Zdroj 1991/CBM 26 (13)}) 6. Nf3 6... c5
$146 {Nimzowitsch: Bauernketten von der Basis aufrollen} (6... O-O 7. Bd3 c5 8.
Bxh7+ Kxh7 9. Ng5+ Kg8 10. Qh5 Bxc3+ 11. bxc3 Re8 12. Qxf7+ Kh8 13. Qh5+ Kg8
14. Qh7+ Kf8 15. Qh8+ {1-0 Pochyly,J-Schiessl,P/Hollabrunn 1998/EXT 99 (15)})
7. Bd2 cxd4 8. Nb5 Bc5 9. b4 Be7 10. Nbxd4 O-O (10... Nc6 11. c3 $11) 11. a3
Nc6 12. Nxc6 $11 (12. Bd3 12... a5 $14) 12... bxc6 {Kontrolliert b5} 13. Bd3 c5
14. c4 Ba6 15. b5 {Raumgewinn} 15... Bb7 16. Qc2 dxc4 17. Bxh7+ Kh8 18. Be4
Bxe4 19. Qxe4 Nb6 20. O-O 20... Qd7 $14 (20... Qd3 21. Rfe1 $11) 21. a4 Qd3 22.
Qb7 $11 (22. Rfe1 a6 23. bxa6 23... Nd5 $14) 22... Rfe8 23. Rf2 23... c3 {
Ist dieser Freibauer gefaehrlich?} 24. Be1 $15 (24. Ne1 Qd5 25. Qxd5 25... Nxd5
$15) 24... Nd5 25. g3 {Befestigt f4+h4} 25... Reb8 {
Schwarz fuehrt die Partie kraftvoll zu Ende} 26. Qd7 Rd8 27. Qc6 $17 (27. Qb7
27... Qe3 $15) 27... c4 28. Kh1 $19 (28. Ng5 $5 28... Bxg5 29. fxg5 $15) 28...
Rac8 29. Qa6 29... Rc7 {Schwarz plant Rb8} 30. Ng1 $2 (30. Ng5 $142 30... Bxg5
31. fxg5 $19) 30... Qe4+ 31. Nf3 (31. Rf3 {macht keinen grossen Unterschied}
31... Bc5 32. Bxc3 32... Bxg1 $19 (32... Nxc3 $143 33. Qa5 Nb1 34. Rxb1 (34.
Qxc7 Rd1 35. Kg2 Rxg1+ 36. Kh3 Qf5+ 37. Kh4 g5+ 38. fxg5 Qh7+ 39. Kg4 f5+ 40.
exf6 Qxc7 41. Ra2 Qe5 42. f7 Kg7 43. Rf4 Nc3 44. f8=Q+ Bxf8 45. Raf2 Ne4 46.
Rf7+ Kg6 47. R2f6+ Nxf6+ 48. Rxf6+ Kg7 49. b6 Bd6 50. Rf3 Qe4+ 51. Kh3 Qxf3 52.
Kh4 Bxg3+ 53. hxg3 Rh1#) 34... Qxb1 35. Kg2 Qc2+ 36. Kh3 $19)) 31... Bc5 32.
Rb1 (32. Kg2 {ist noch eine Idee} 32... Ne3+ 33. Kg1 $19) 32... Bxf2 $1 {
ganz unerschrocken} 33. Rb4 (33. Kg2 {holt die Kuh nicht vom Eis} 33... Ne3+
34. Kxf2 Qc2+ 35. Bd2 cxd2 36. Rd1 Nxd1+ 37. Kg1 Ne3 38. Nxd2 Qd1+ 39. Kf2
Rxd2+ 40. Kxe3 Qe2#) 33... Qxf3# 0-1

[Event "ICS Rated blitz match"]
[Site "204.178.125.65"]
[Date "1999.09.13"]
[Round "?"]
[White "Zippy"]
[Black "Hossa"]
[Result "1-0"]
[WhiteElo "2247"]
[BlackElo "2405"]
[PlyCount "73"]
[EventDate "1999.??.??"]

1. e4 c5 2. Nf3 Nc6 3. d4 cxd4 4. Nxd4 e5 5. Nb5 Nf6 6. Bg5 Bc5 7. Qf3 d6 8.
Bxf6 gxf6 9. Bc4 O-O 10. Nd2 Bd7 11. O-O-O a6 12. Nc3 Nd4 13. Qh5 f5 14. f4 Bb4
15. a3 Bxc3 16. bxc3 Nb5 17. fxe5 Nxa3 18. exf5 dxe5 19. Bb3 Qf6 20. Nb1 Nxb1
21. Rxd7 Nxc3 22. Rxb7 a5 23. Re1 a4 24. Bc4 Rac8 25. Be6 Rc5 26. Re3 h6 27.
Rg3+ Kh8 28. Rg6 Ne2+ 29. Kd2 Rd8+ 30. Ke1 Rd1+ 31. Kxe2 Rd2+ 32. Kxd2 Qd8+ 33.
Kc1 Rxc2+ 34. Kxc2 Qd3+ 35. Kxd3 e4+ 36. Kxe4 fxg6 37. Qxh6# {Hossa checkmated}
1-0

[Event "ICS Rated blitz match"]
[Site "204.178.125.65"]
[Date "1999.09.27"]
[Round "?"]
[White "Zippy"]
[Black "Hossa"]
[Result "1/2-1/2"]
[WhiteElo "2203"]
[BlackElo "2460"]
[PlyCount "142"]
[EventDate "1999.??.??"]

1. d4 Nf6 2. c4 e6 3. Nc3 Bb4 4. g3 O-O 5. Bd2 d5 6. e3 c5 7. dxc5 Bxc5 8. Nf3
Ne4 9. Bd3 Nxd2 10. Nxd2 d4 11. exd4 Bxd4 12. Qc2 g6 13. O-O Nc6 14. Be4 e5 15.
Nf3 Bh3 16. Rfd1 Qf6 17. Nd5 Qg7 18. Ng5 Bg4 19. Bf3 Bxf3 20. Nxf3 Rad8 21. Qb3
f6 22. Qa3 Kh8 23. Nxd4 exd4 24. b4 a6 25. Rac1 Rfe8 26. Rd2 Re6 27. Nf4 Re4
28. b5 axb5 29. cxb5 Qe7 30. Qxe7 Nxe7 31. f3 Re5 32. Rc7 b6 33. Kf2 Nf5 34. a4
Ng7 35. Rb7 Rd6 36. Rc2 g5 37. Rcc7 gxf4 38. gxf4 Red5 39. Rxg7 Rh5 40. Rge7
Rd8 41. Rxb6 d3 42. Re1 Rxh2+ 43. Kg3 d2 44. Rd1 Re2 45. Rxf6 Re1 46. Rxd2 Rxd2
47. b6 Rg1+ 48. Kh3 Rg8 49. Re6 Rd3 50. Kh2 Rd4 51. a5 Rxf4 52. Rh6 Rxf3 53. b7
Rc3 54. a6 Rb3 55. Rc6 Rb5 56. Rh6 Rb4 57. Kh3 Rb3+ 58. Kh2 Rd8 59. Rf6 Rd2+
60. Kg1 Rb1+ 61. Rf1 Rbb2 62. Rf8+ Kg7 63. a7 Rg2+ 64. Kh1 Rh2+ 65. Kg1 Rbg2+
66. Kf1 Rc2 67. Kg1 Rhg2+ 68. Kh1 Rh2+ 69. Kg1 Rhg2+ 70. Kf1 Rh2 71. Kg1 71...
Rhg2+ {Game drawn by repetition} 1/2-1/2

[Event "ICS Rated blitz match"]
[Site "204.178.125.65"]
[Date "1999.09.29"]
[Round "?"]
[White "Zippy"]
[Black "Hossa"]
[Result "1-0"]
[WhiteElo "2352"]
[BlackElo "2500"]
[Annotator "Fritz 5.32 (29s)"]
[PlyCount "143"]
[EventDate "1999.??.??"]

1. e4 e6 2. d4 d5 3. Nd2 dxe4 4. Nxe4 Nd7 5. Nf3 Be7 6. Bd3 Ngf6 7. Nxf6+ Bxf6
8. O-O O-O 9. c3 (9. Re1 Re8 10. Bf4 c5 11. c3 cxd4 12. cxd4 Nf8 13. Ne5 Bxe5
14. dxe5 Bd7 15. Be4 Ng6 16. Bg3 Rc8 17. Bxb7 Rb8 18. Be4 Rxb2 19. Qd4 Rb6 20.
Red1 Nf8 21. Qd3 Qe7 22. Bxh7+ Nxh7 23. Qxd7 23... Qxd7 {
Hamid,R-Sanli,E/Erevan 1996/EXT 97/1-0 (58)}) 9... Re8 $146 (9... b6 10. Be4
Rb8 11. Qc2 g6 12. Bh6 Bg7 13. Bxg7 Kxg7 14. Ne5 Nxe5 15. dxe5 Qe7 16. Rad1 Bd7
17. Rd4 Rfd8 18. Rfd1 Be8 19. Qd2 Rxd4 20. Qxd4 a5 21. g3 Qc5 22. Qxc5 bxc5 23.
Rd2 h5 24. h4 {Frolov,A-Itkis,B/Nikolaev 1995/CBM 47/ - (60)}) (9... c5 10. Qc2
(10. Be3 cxd4 11. Nxd4 g6 12. Qe2 Bg7 13. Rad1 a6 14. Rd2 Qc7 15. Rfd1 Nf6 16.
Bc2 b6 17. Bg5 Bb7 18. Nf3 Rad8 19. Rxd8 Rxd8 20. Rxd8+ Qxd8 21. Bd3 b5 22. h3
h6 23. Bc1 Nd7 24. Be3 24... Bxf3 {
Brynell,S-Hodgson,J/London 1990/EXT 97/0-1 (58)}) 10... g6 11. Bf4 cxd4 12.
cxd4 Nb6 13. Be4 Nd5 14. Be5 Be7 15. Qd2 f6 16. Bg3 b6 17. Bd3 Bd6 18. Qe2 Bxg3
19. hxg3 Qd6 20. Rfe1 Bd7 21. a3 Rac8 22. Bc4 Rc7 23. Nd2 Bc8 24. Ne4 Qd8 25.
Rac1 Re7 26. Bxd5 {1-0 Speelman,J-Hodgson,J/New York 1990/CBM 20 (26)}) 10. Bf4
b6 11. Be4 Rb8 12. Qa4 Bb7 13. Bxb7 Rxb7 14. Qc6 Qc8 15. Rae1 Rd8 16. b4 (16.
Re2 16... a6 $14) 16... a5 (16... b5 17. Ng5 $11) 17. b5 Ra7 18. c4 Qb7 19.
Qxb7 Rxb7 20. g3 {Befestigt h4} 20... a4 21. Re4 Be7 22. Rfe1 Nf6 23. R4e2 Bb4
24. Rd1 Nd7 25. d5 {Weiss erobert Raum} 25... Nc5 {
Dort fuehlt sich der schwarze Springer wohl} 26. Nd4 Bc3 (26... exd5 $2 {
scheitert an} 27. Nc6 Rf8 28. Nxb4 dxc4 29. Rc2 $18) 27. Nc6 {
Von c6 entfaltet der Springer einige Wirkung} 27... Rd7 28. Be3 Ne4 (28... h5
29. f3 $14) 29. Bd4 Bxd4 (29... exd5 $4 {der Bauer ist nicht zu nehmen} 30.
Bxc3 f5 31. Be5 $18) 30. Rxd4 {Weiss droht stark dxe6} (30. Nxd4 {
ist sichtlich schlechter} 30... Nc3 (30... exd5 $6 31. Nc6 f5 32. Rxd5 Rxd5 33.
cxd5 $14) 31. Rde1 Nxe2+ 32. Rxe2 32... Rb8 $19) (30. Rxe4 $6 {
waere weniger gut} 30... Bc5 $16) 30... Nc3 $2 (30... Nf6 $142 31. dxe6 Rxd4
32. Nxd4 fxe6 33. Nxe6 33... Rb8 $18) 31. Rc2 (31. Re3 $5 $142 {
erleichterte Weiss die Gewinnfuehrung} 31... e5 (31... Nxa2 $4 {
den sollte Schwarz lieber stehen lassen} 32. dxe6 fxe6 33. Rxd7 $18) 32. Rdd3
Nxa2 33. Rxe5 33... h6 $18) 31... e5 32. Nxe5 Re7 33. f4 (33. Rxc3 $6 33...
Rxe5 34. Ra3 Re1+ 35. Kg2 35... f5 $18) 33... f6 34. Rxc3 fxe5 35. Re4 Rb8 36.
fxe5 {Der Freibauer e5 ist ein wichtiges Motiv} 36... Rf7 (36... g5 37. g4 $18)
37. e6 {Nun geraet Schwarz unter starken Druck.} 37... Rf6 (37... Rf5 {
hilft auch nicht mehr} 38. g4 Rff8 39. c5 bxc5 40. Rxc5 $18) 38. Ra3 (38. c5 $5
{ginge schneller} 38... Rd8 $18) 38... Ra8 39. Kg2 g5 40. Rf3 Kg7 41. h4 Raf8
42. Rxf6 Kxf6 43. hxg5+ Kxg5 (43... Kg6 44. c5 $1 {triumphiert} 44... bxc5 45.
b6 $18) 44. e7 (44. c5 $5 {gibt noch groesseren Vorteil} 44... bxc5 45. b6
45... cxb6 $18) 44... Re8 45. Re6 (45. c5 $5 {
damit wuerde Weiss es sich noch erleichtern} 45... Kf5 46. Kf3 46... bxc5 $18)
45... Kg4 (45... Kf5 {bot noch bessere Widerstandsmoeglichkeiten} 46. c5 $1 {
die Entscheidung} 46... bxc5 $18) 46. a3 (46. c5 $142 {machte sofort alles klar
} 46... bxc5 47. b6 $18) 46... h5 (46... Kf5 {
aendert nichts am Ausgang der Partie} 47. c5 $1 {kraeftig gespielt} 47... bxc5
48. Re2 $18) 47. Re5 {Mit der Drohung c5} 47... h4 48. gxh4 Kf4 49. Re2 Kg4 (
49... Kf5 $18 {wuerde die Partie noch etwas verlaengern}) 50. Re6 (50. c5 bxc5
51. b6 c4 52. bxc7 52... c3 $18) 50... Kxh4 51. Kf3 Kg5 52. Ke4 Kg4 53. Ke5 {
Weiss plant d6} 53... Kg5 54. c5 {Weiss bereitet d6 vor} (54. d6 $5 {
ginge schneller} 54... cxd6+ 55. Kxd6 55... Kf5 $18) 54... bxc5 55. b6 $1 {
ganz unerschrocken} 55... c4 56. bxc7 c3 57. d6 c2 58. d7 {Droht Matt} 58...
c1=Q {Der Freibauer c7 fuehrt schnell zu Drohungen} 59. Rg6+ $3 {
das entscheidende Opfer} (59. dxe8=R $6 {scheint erheblich schwaecher} 59...
Qc5+ 60. Ke4 Qc4+ 61. Kf3 Qd3+ 62. Kf2 Qf5+ 63. Kg2 Qg4+ 64. Kf1 Qh3+ 65. Kg1
Qg4+ 66. Kf2 Qf5+ 67. Kg3 Qg4+ 68. Kf2 68... Qf5+ $11) (59. dxe8=N {
scheitert an} 59... Qc5+ 60. Ke4 Qf5+ 61. Kd4 61... Qxe6 $15) (59. dxe8=B $4 {
zu gierig} 59... Qc5+ 60. Ke4 Qf5+ 61. Kd4 61... Qxe6 $19) 59... Kh4 60. dxe8=Q
{Mit der Mattdrohung Qh8} (60. dxe8=B Qxc7+ 61. Kf6 Qc3+ 62. Kf7 Qf3+ (62...
Qxa3 $4 {das Schlagen des Bauern ist schlecht} 63. Bd7 Qf3+ 64. Kg7 Qc3+ 65.
Kh7 $18) 63. Kg8 63... Qa8 $18 (63... Qxa3 $4 {
den sollte Schwarz lieber stehen lassen} 64. Re6 $18)) (60. dxe8=R {
ist sichtlich schwaecher} 60... Qxc7+ 61. Kf6 Qc3+ 62. Kf7 62... Qe5 $18) (60.
dxe8=N {ist weit schwaecher wegen} 60... Qe3+ 61. Kf6 Qd4+ 62. Kf7 Qd5+ 63. Kg7
Qd7 64. Rh6+ 64... Kg5 $18) 60... Qc3+ 61. Ke6 {Droht Matt: Qxa4} 61... Qc4+
62. Kd7 (62. Kf6 Qd4+ 63. Kf7 Qd5+ 64. Kg7 Qd4+ 65. Kh7 Qe4 66. Qh8 Qg4 67.
c8=Q Qxg6+ 68. Kxg6+ Kg3 69. Qch3+ Kf2 70. Qd4+ Ke2 71. e8=Q#) 62... Qb5+ 63.
Rc6 Qd3+ 64. Kc8 {Droht Matt} 64... Qh3+ 65. Qd7 {Droht Matt: e8Q} 65... Qxa3 (
65... Qg2 {hilft allerdings auch nicht} 66. e8=Q Qxc6 67. Qd4+ Kh3 68. Qh5+ Kg2
69. Qd2+ Kg1 70. Qhd1#) 66. Qd4+ (66. Rc4+ Kg3 67. Qg4+ Kf2 68. e8=Q Qe7 69.
Qxe7 a3 70. Qee2#) 66... Kh3 67. Rc3+ (67. Rg6 Qg3 68. e8=Q Kh2 69. Qe2+ Kh1
70. Rh6+ Qh4 71. Rxh4#) 67... Qxc3 68. Qxc3+ Kg4 (68... Kh4 {
nuetzt auch nichts mehr} 69. e8=Q a3 70. Qf3 a2 71. Qeh5#) 69. Kd8 (69. e8=Q
Kh4 70. Qf3 Kg5 71. Qeh5#) 69... Kg5 (69... a3 {holt die Kuh nicht vom Eis} 70.
c8=Q+ Kf4 71. Qd4+ Kg5 72. Qcg4+ Kh6 73. Qdg7#) 70. e8=Q a3 (70... Kh4 {
waere gleichermassen fruchtlos} 71. Qf3 Kg5 72. Qeh5#) 71. Qce5+ Kg4 72. Q8h5#
1-0

[Event "ICS Rated blitz match"]
[Site "204.178.125.65"]
[Date "1999.09.27"]
[Round "?"]
[White "Zippy"]
[Black "Hossa"]
[Result "1-0"]
[WhiteElo "2234"]
[BlackElo "2494"]
[PlyCount "107"]
[EventDate "1999.??.??"]

1. e4 e6 2. d4 d5 3. Nc3 Bb4 4. e5 c5 5. a3 Ba5 6. Qg4 Kf8 7. Nge2 f6 8. Bd2
Kf7 9. O-O-O Nc6 10. f4 cxd4 11. Nb5 Bxd2+ 12. Rxd2 fxe5 13. fxe5 Nxe5 14. Qxd4
a6 15. Qxe5 axb5 16. Rd4 Nf6 17. Nc3 b4 18. Rxb4 b6 19. Na4 Ra5 20. Nxb6 Ba6
21. Bxa6 Rxa6 22. Na4 Qc8 23. Rf1 Rc6 24. Nc3 Kg6 25. Rbf4 Rf8 26. h4 h6 27. g4
Rf7 28. g5 hxg5 29. Qxg5+ Kh7 30. h5 Rxc3 31. bxc3 Qxc3 32. Qg6+ Kg8 33. Kd1
Qxa3 34. h6 Qa1+ 35. Ke2 Qa6+ 36. Qd3 Qd6 37. hxg7 Kxg7 38. Kd1 Qe5 39. Qg3+
Kf8 40. Qa3+ Kg8 41. Qa8+ Rf8 42. Rg1+ Kf7 43. Qb7+ Ke8 44. Qc8+ Ke7 45. Rg7+
Rf7 46. Qb7+ Kd8 47. Rxf7 Qh5+ 48. Kc1 Qxf7 49. Qxf7 Nd7 50. Qxe6 Nc5 51. Qd6+
Kc8 52. Rf8+ Kb7 53. Rb8+ Ka7 54. Qb6# {Hossa checkmated} 1-0